LEADER 01290nam a2200217 i 4500 001 000000228368 003 CaOOAMICUS 005 20140326000000.0 008 140326s1630 it u000 u ita u 013 $a207270 040 $aSeMil$bita 245 10$aParte prima. Di varij mezzi per acquistar la virtų, e la perfettione. 300 $a[16] p., 626 col., [31] p. 500 $aFront. stampato in rosso e nero. - Segn. : ?-2 ?4 A-2X8. - Fondo Bidoglio. 500 $aMarca editoriale: Salvator Mundi: Gesų benedice con la destra e tiene nella sinistra un globo sormontato da una croce. Paesaggio con edifici sullo sfondo. In cornice figurata (O485). 773 0 $aRodríguez, Alonso $tEssercitio di perfettione e di virtų christiane. Composto dal rev. pad. Alfonso Rodriguez ... Diviso in tre parti ... e tradotto dalla lingua spagnuola nella italiana dal segretario Tiberio Putignano. Parte 1. [-3.].$dIn Venetia : Appresso gli Heredi di Gio. Guerigli, 1629-1630.$g1$w()29617 850 $aSeMil 852 $aSeMil$W1$xVenegono$y1$m2C III 78 FA$j178714$B178714$CSeMilBibl$Z2$F189634 $8I 941 1 $a2 961 $aLascito: Bidoglio don Maurizio 996 $6245$aParte prima. Di varij mezzi per acquistar la virtų, e la perfettione$9(OLS)http://semarc/title/326884 LEADER 01247nam a2200277 i 4500 001 000000053236 003 CaOOAMICUS 005 20251216103955.0 008 101224s1973 it u000 u ita u 040 $aSeMil$bita 110 2 $aChiesa Cattolica.$0(OLS)http://semarc/name/987 240 10$aMissale Romanum.$0(OLS)http://semarc/title/284444 245 10$aMessale Romano :$briformato a norma dei decreti del Concilio Ecumenico Vaticano 2. e promulgato da Papa Paolo 6. 250 $a[Ed. tipica]. 264 1$aRoma :$bEdizioni pastorali italiane,$c1973. 300 $aLXIII, 822 p. :$bill., notazione musicale ;$c31 cm. 500 $aA pič del front. : Conferenza Episcopale Italiana. 650 4$aLibri liturgici - Messale romano.$0(OLS)http://semarc/subject/3820 850 $aSeMil 852 $aSeMil$W1$xVenegono$y1$m3KK VII 8$j265441$B19390$CSeMilBibl$Z2$F19392 $8I 910 2 $aSanta Sede. 961 $aRecupero: Altro 996 $6245$aMessale Romano :$briformato a norma dei decreti del Concilio Ecumenico Vaticano 2. e promulgato da Papa Paolo 6.$9(OLS)http://semarc/title/2050 996 $6264$aRoma :$bEdizioni pastorali italiane$9(OLS)http://semarc/publisher/32712